Glukozylceramidsyntáza ako terapeutický cieľ pre liečenie nádorových ochorení
Guardado en:
| Autor principal: | |
|---|---|
| Otros Autores: | |
| Formato: | Manuscrito Libro |
| Lenguaje: | eslovaco |
| Publicado: |
2015
|
| Materias: | |
| Acceso en línea: | http://is.stuba.sk/zp/portal_zp.pl?podrobnosti=92718 |
| Etiquetas: |
Sin Etiquetas, Sea el primero en etiquetar este registro!
|
MARC
| LEADER | 00000ntm a22000003a 4500 | ||
|---|---|---|---|
| 001 | stuzp53097 | ||
| 003 | SK-STU | ||
| 005 | 20160719154359.2 | ||
| 007 | ta | ||
| 008 | 150427s2015----xo-----f-mn---000-0-slo-d | ||
| 040 | |a STU |b slo | ||
| 041 | 0 | |a slo | |
| 100 | 1 | |a Ivančíková, Dominika |u 043260 |4 aut |U FCHPT Ústav biochémie, výživy a ochrany zdravia |T FCHPT Oddelenie biochémie a mikrobiológie |X 42726 |U C3260 |Y 113 |7 42726 | |
| 242 | 0 | 1 | |a Glucosylceramide syntase as therapeutic target in the treatment of cancer |y eng |
| 245 | 1 | 0 | |a Glukozylceramidsyntáza ako terapeutický cieľ pre liečenie nádorových ochorení |
| 260 | |c 2015 | ||
| 650 | 4 | |a rakovina |2 slo | |
| 650 | 4 | |a ceramid |2 slo | |
| 650 | 4 | |a sfingolipidy |2 slo | |
| 650 | 4 | |a glukozylceramidsyntáza |2 slo | |
| 650 | 4 | |a lieková rezistencia |2 slo | |
| 650 | 4 | |a glucosylceramide synthase |2 eng | |
| 650 | 4 | |a ceramide |2 eng | |
| 650 | 4 | |a sphingolipids |2 eng | |
| 650 | 4 | |a cancer |2 eng | |
| 650 | 4 | |a drug resistance |2 eng | |
| 700 | 1 | |a Lakatoš, Boris |4 ths |X 4011 |7 A000004011 | |
| 856 | 4 | |u http://is.stuba.sk/zp/portal_zp.pl?podrobnosti=92718 | |
| SQL | |a stuzp53097 |b DBP |c SLO |d Glukozylceramidsyntáza ako terapeutický cieľ pre liečenie nádorových ochorení |e 42726 |f Ivančíková, Dominika |g 043260 |h 4011 |i Lakatoš, Boris |j 20150715 |k 752 |l 04 |m http://is.stuba.sk/zp/portal_zp.pl?podrobnosti=92718 |n B-BIOPOT |o 5.2.25. biotechnológie | ||